[Event "Open SSM A Agosto"]
[Site "Milano ITA"]
[Date "2010.07.31"]
[Round "2"]
[White "Di Chiara, Mauro"]
[Black "Giannotti, Salvatore"]
[Result "0-1"]
[WhiteElo "1965"]
[BlackElo "1865"]
[PlyCount "114"]
[EventDate "2010.07.30"]

1. d4 d5 2. Nf3 Nf6 3. c4 c6 4. Nc3 e6 5. cxd5 cxd5 6. Bf4 Bd6 7. Bxd6 Qxd6 8.
e3 a6 9. Bd3 O-O 10. Ne5 b5 11. O-O Nbd7 12. f4 b4 13. Na4 a5 14. Rc1 Qb8 15.
Nc6 Qd6 16. Rf2 Ba6 17. Bb1 Bc4 18. Ne5 Rac8 19. Nxd7 Nxd7 20. Rfc2 b3 21. Rxc4
dxc4 22. a3 g6 23. e4 Qxf4 24. Nc3 Nf6 25. Qe1 Rfd8 26. Rd1 Ng4 27. g3 Qf3 28.
Qd2 Rd7 29. Rf1 Qe3+ 30. Qxe3 Nxe3 31. Rf3 Nc2 32. d5 exd5 33. Nxd5 Kg7 34.
Bxc2 bxc2 35. Rc3 f5 36. Rxc2 fxe4 37. Nb6 Rd1+ 38. Kg2 e3 39. Kf3 Re8 40. Nxc4
Rf1+ 41. Kg2 e2 42. Rxe2 Rxe2+ 43. Kxf1 Rxh2 44. b4 axb4 45. axb4 Kf6 46. Ne3
Rb2 47. Ke1 Ke6 48. b5 Rxb5 49. Kf2 h5 50. Kf3 Rb3 51. Ke4 Rxe3+ 52. Kxe3 Kf5
53. Kf3 Kg5 54. Kf2 Kg4 55. Kg2 g5 56. Kh2 Kf3 57. Kh3 g4+ 0-1

[Event "Open SSM A Agosto"]
[Site "Milano ITA"]
[Date "2010.07.31"]
[Round "2"]
[White "Gonella, Daniele"]
[Black "Pelizzola, Danilo"]
[Result "0-1"]
[WhiteElo "1982"]
[BlackElo "2092"]
[PlyCount "188"]
[EventDate "2010.07.30"]

1. e4 e5 2. Nf3 Nf6 3. Nc3 d6 4. d4 exd4 5. Nxd4 Nc6 6. Bb5 Bd7 7. O-O Be7 8.
Bf4 Nxd4 9. Qxd4 Bxb5 10. Nxb5 a6 11. Nc3 Nh5 12. Bd2 Nf6 13. Rae1 O-O 14. Qd3
Re8 15. f4 Bf8 16. Nd5 Nxd5 17. Qxd5 c6 18. Qd4 d5 19. exd5 Qxd5 20. Qxd5 cxd5
21. Be3 Re4 22. c3 Rae8 23. Kf2 f5 24. g3 Kf7 25. Bd4 h5 26. b4 b5 27. Be5 g5
28. Rd1 Ke6 29. Rd3 g4 30. Rfd1 Rd8 31. Ra1 a5 32. bxa5 Ra4 33. Bd4 Re8 34. Bb6
Rc8 35. Re3+ Re4 36. Rd3 Bc5+ 37. Bxc5 Rxc5 38. Re1 Rcc4 39. Red1 Rc5 40. R1d2
Kd6 41. a6 Re7 42. Re2 Rxe2+ 43. Kxe2 Rc6 44. Ke3 Rxa6 45. Rd2 Kc5 46. Kd3 Re6
47. h3 Re1 48. hxg4 hxg4 49. Rg2 Rf1 50. Kc2 Kc4 51. Rd2 Rf3 52. Rd4+ Kc5 53.
Rd3 Rf1 54. Re3 Rf2+ 55. Kb3 Rf3 56. Re5 Rxg3 57. Rxf5 b4 58. Rg5 Rxc3+ 59. Kb2
g3 60. f5 Rf3 61. f6 Kc4 62. f7 d4 63. Rxg3 Rf2+ 64. Kb1 d3 65. Rg8 Rxf7 66.
Rc8+ Kd4 67. Kb2 Ke3 68. Re8+ Kd2 69. Kb3 Rf4 70. Rh8 Ke1 71. Re8+ Kd1 72. Re3
d2 73. Re8 Rd4 74. Kb2 Rd3 75. Re7 Rf3 76. Re8 Rf1 77. Kb3 Re1 78. Rd8 Re4 79.
Rh8 Ke2 80. Rh2+ Kd3 81. Rh3+ Re3 82. Rh1 Re1 83. Rh3+ Kd4 84. Rh4+ Kd5 85.
Rh5+ Ke6 86. Rh6+ Kf7 87. Rh7+ Kg8 88. Rd7 d1=Q+ 89. Rxd1 Rxd1 90. Kxb4 Kf8 91.
Kb5 Ke7 92. a4 Kd7 93. Kb6 Kc8 94. a5 Kb8 0-1

[Event "Open SSM A Agosto"]
[Site "Milano ITA"]
[Date "2010.07.31"]
[Round "2"]
[White "Lapiccirella, Daniele"]
[Black "Bemporad, Filippo"]
[Result "1-0"]
[WhiteElo "2212"]
[BlackElo "2061"]
[PlyCount "80"]
[EventDate "2010.07.30"]

1. d4 d5 2. c4 c6 3. Nf3 Nf6 4. e3 e6 5. Bd3 Bd6 6. O-O O-O 7. Nbd2 Nbd7 8. e4
dxe4 9. Nxe4 Nxe4 10. Bxe4 Nf6 11. Bc2 b6 12. Bg5 Bb7 13. Qd3 g6 14. Rad1 Be7
15. Rfe1 Qc7 16. Ne5 Rad8 17. Qh3 Nh5 18. Bh6 Ng7 19. Bf4 Qc8 20. Qh6 f5 21.
Re3 Bf6 22. Rh3 Nh5 23. Rxh5 gxh5 24. Qxh5 Rd7 25. Nxd7 Qxd7 26. Rd3 Kh8 27.
Be5 Qf7 28. Qh6 Qg7 29. Bxf6 Rxf6 30. Qxg7+ Kxg7 31. Ra3 a6 32. Rb3 b5 33. a4
Rf7 34. axb5 cxb5 35. cxb5 Bd5 36. Rg3+ Kf6 37. bxa6 Ra7 38. Ra3 Bc4 39. f4 Bd5
40. Kf2 Rc7 1-0

[Event "Open SSM A Agosto"]
[Site "Milano ITA"]
[Date "2010.07.31"]
[Round "2"]
[White "Paganini, Andrea"]
[Black "Margstahler, Francesco"]
[Result "0-1"]
[WhiteElo "1810"]
[BlackElo "1804"]
[PlyCount "98"]
[EventDate "2010.07.30"]

1. e4 c6 2. d4 d5 3. Nd2 dxe4 4. Nxe4 Bf5 5. Ng3 Bg6 6. h4 h6 7. h5 Bh7 8. Nf3
Nd7 9. Bd3 Bxd3 10. Qxd3 e6 11. Bf4 Qa5+ 12. Bd2 Qc7 13. O-O-O Ngf6 14. Ne4
O-O-O 15. Nxf6 Nxf6 16. Qe2 Bd6 17. Kb1 Rhe8 18. Rh4 e5 19. dxe5 Bxe5 20. Qc4
Rd5 21. Kc1 Red8 22. Rhh1 Bd4 23. Nxd4 Rxd4 24. Qe2 Qd7 25. f3 Qd5 26. b3 Nxh5
27. c4 Qc5 28. f4 Nf6 29. Bc3 Rxd1+ 30. Rxd1 Rxd1+ 31. Qxd1 Qe3+ 32. Bd2 Qd4
33. Kb1 Qe4+ 34. Qc2 Qxg2 35. Qf5+ Kd8 36. Kc2 Qe4+ 37. Qxe4 Nxe4 38. Be1 f5
39. Kd3 c5 40. a3 g5 41. fxg5 hxg5 42. b4 b6 43. bxc5 bxc5 44. Kc2 Kd7 45. Kd3
Ke6 46. Ba5 Kd7 47. Be1 a6 48. Ba5 g4 49. Be1 g3 0-1

[Event "Open SSM A Agosto"]
[Site "Milano ITA"]
[Date "2010.07.31"]
[Round "2"]
[White "Papale, Carmelo"]
[Black "Tagliaferri, Valerio"]
[Result "0-1"]
[WhiteElo "1873"]
[BlackElo "1882"]
[PlyCount "112"]
[EventDate "2010.07.30"]

1. Nf3 d5 2. g3 c5 3. Bg2 Nc6 4. d3 Nf6 5. Nbd2 e5 6. e4 h6 7. O-O Be6 8. h3
Be7 9. Qe2 Qc7 10. Re1 d4 11. b3 O-O 12. a4 a6 13. Nh4 Qd7 14. Kh2 Nh7 15. Ndf3
g5 16. Nf5 Bxf5 17. exf5 Bd6 18. Nd2 Qxf5 19. Be4 Qe6 20. Qf3 Bc7 21. Bf5 Qe7
22. Qh5 Kg7 23. Ne4 Nf6 24. Qf3 Nxe4 25. Rxe4 Qf6 26. h4 Ne7 27. Bg4 Qxf3 28.
Bxf3 f6 29. Ba3 Bd6 30. Bg2 Rab8 31. Rae1 Nd5 32. Bb2 Nb4 33. R4e2 f5 34. hxg5
hxg5 35. Bc1 f4 36. gxf4 gxf4 37. Be4 Rh8+ 38. Kg2 Kf6 39. Rg1 Ke6 40. Bf3 Kd7
41. Ba3 Nc6 42. Rc1 b5 43. axb5 axb5 44. c3 dxc3 45. Ra1 b4 46. Bc1 Ra8 47.
Rea2 Rxa2 48. Rxa2 Rd8 49. Ra6 Nd4 50. Bd5 Ke7 51. Ra4 Bc7 52. Bc4 Rd6 53. Ra7
Rg6+ 54. Kf1 Kd7 55. Ra8 Rh6 56. Kg2 f3+ 0-1

[Event "Open SSM A Agosto"]
[Site "Milano ITA"]
[Date "2010.07.31"]
[Round "2"]
[White "Pierandrei, Cristiano"]
[Black "Vallone, Ugo"]
[Result "0-1"]
[WhiteElo "1919"]
[BlackElo "1931"]
[PlyCount "112"]
[EventDate "2010.07.30"]

1. Nf3 Nf6 2. c4 c5 3. Nc3 Nc6 4. g3 g6 5. d4 cxd4 6. Nxd4 Bg7 7. Bg2 O-O 8.
O-O a6 9. e3 Qc7 10. Qe2 d6 11. b3 Bg4 12. f3 Bd7 13. Bb2 Rfe8 14. Nc2 Qb6 15.
Kh1 Be6 16. e4 Qa5 17. Qd2 Qh5 18. Ne3 Bh6 19. f4 Ng4 20. Bf3 Qh3 21. Rad1 Nce5
22. Nxg4 Bxg4 23. Bxg4 Nxg4 24. Rde1 Bg7 25. Qg2 Qxg2+ 26. Kxg2 Bd4 27. Rf3 f5
28. exf5 gxf5 29. h3 Nf6 30. Rd1 Bxc3 31. Bxc3 Ne4 32. Bb2 Kf7 33. g4 Rg8 34.
g5 Rac8 35. h4 b5 36. Rd4 Rc6 37. Rf1 Rgc8 38. Rc1 bxc4 39. bxc4 Kg6 40. Rc2
Rb8 41. Kf3 Kh5 42. Rd3 Rb4 43. Rd4 Rbxc4 44. Rcxc4 Rxc4 45. Rd5 e6 46. Ra5 Rc6
47. Bd4 Kxh4 48. Ra4 Kh5 49. Rb4 Rc4 50. Rb7 Rxd4 51. Rxh7+ Kg6 52. Rh6+ Kf7
53. Ke3 Ra4 54. Rh7+ Kg8 55. Re7 Nc5 56. Kf2 Rxf4+ 0-1

[Event "Open SSM A Agosto"]
[Site "Milano ITA"]
[Date "2010.07.31"]
[Round "2"]
[White "Quagliarella, Sabino Remo"]
[Black "Quaranta, Cristiano"]
[Result "0-1"]
[WhiteElo "1946"]
[BlackElo "2126"]
[PlyCount "90"]
[EventDate "2010.07.30"]

1. d4 d5 2. Nf3 Nf6 3. Bf4 c5 4. c3 cxd4 5. cxd4 Nc6 6. e3 Qb6 7. Qb3 Qxb3 8.
axb3 Bf5 9. Bb5 Bd7 10. O-O Nh5 11. Bc7 Rc8 12. Bxc6 Bxc6 13. Ba5 e6 14. Bc3
Bb5 15. Re1 Bd6 16. Nbd2 O-O 17. b4 a6 18. g3 Nf6 19. Ne5 Ne4 20. Nxe4 dxe4 21.
f4 f6 22. Ng4 Rc4 23. Nf2 f5 24. Red1 Bxb4 25. Bxb4 Rxb4 26. Rd2 Rc8 27. Nd1
Ra4 28. Rxa4 Bxa4 29. Nc3 Bb3 30. g4 g6 31. Kf2 b5 32. Kg3 b4 33. Ne2 a5 34. d5
Bxd5 35. gxf5 gxf5 36. Nd4 Rc5 37. Kh4 a4 38. Nc2 Rb5 39. Rd4 a3 40. bxa3 b3
41. Nb4 b2 42. Rd1 Ba2 43. Nc6 Rb7 44. Kg5 b1=Q 45. Rd8+ Kg7 0-1

[Event "Open SSM A Agosto"]
[Site "Milano ITA"]
[Date "2010.07.31"]
[Round "2"]
[White "Regorda, Vittorio"]
[Black "Simone, Marco"]
[Result "0-1"]
[WhiteElo "1859"]
[BlackElo "1854"]
[PlyCount "78"]
[EventDate "2010.07.30"]

1. d4 Nf6 2. c4 c5 3. Nf3 cxd4 4. Nxd4 Nc6 5. g3 e5 6. Nb3 Qb6 7. Bg2 Bb4+ 8.
Bd2 a5 9. a4 O-O 10. O-O e4 11. Be3 Qc7 12. Qc2 Re8 13. N1d2 Qe5 14. Bf4 Qf5
15. f3 Bxd2 16. Nxd2 Nd4 17. Qd1 exf3 18. exf3 Ne2+ 19. Kh1 Nxf4 20. gxf4 Qxf4
21. Ne4 Ra6 22. Qd4 Nh5 23. Rae1 Rae6 24. Qd5 Re5 25. Qd1 R5e6 26. Nd6 Rxe1 27.
Rxe1 Rxe1+ 28. Qxe1 Qxd6 29. Qe8+ Qf8 30. Qe5 g6 31. f4 d6 32. Qg5 h6 33. Qh4
Qe8 34. Bf3 Ng7 35. Qf2 Qxa4 36. Qe2 Be6 37. Bxb7 Bxc4 38. Qd2 Qa1+ 39. Kg2
Qf1+ 0-1

[Event "Open SSM A Agosto"]
[Site "Milano ITA"]
[Date "2010.08.01"]
[Round "3"]
[White "Attuati, Stefano"]
[Black "Simone, Marco"]
[Result "1/2-1/2"]
[WhiteElo "1900"]
[BlackElo "1854"]
[PlyCount "76"]
[EventDate "2010.07.30"]

1. e4 e6 2. d4 d5 3. Nc3 Bb4 4. Bd2 dxe4 5. Qg4 Qxd4 6. Nf3 Nh6 7. Qxe6+ Bxe6
8. Nxd4 Bxc3 9. Bxc3 Bd7 10. Nb5 Bxb5 11. Bxb5+ c6 12. Bxg7 Rg8 13. Bxh6 cxb5
14. O-O Nd7 15. Rfe1 f5 16. Rad1 Nf6 17. Rd6 Ke7 18. Red1 Rad8 19. Rxd8 Rxd8
20. Rxd8 Kxd8 21. Bg5 Ke7 22. Kf1 Ke6 23. Bxf6 Kxf6 24. Ke2 Ke5 25. g3 b4 26.
Ke3 a5 27. h3 h5 28. h4 a4 29. a3 b3 30. c3 b6 31. c4 Ke6 32. Kf4 Kf6 33. f3
exf3 34. Kxf3 Ke5 35. Ke3 Ke6 36. Kd4 Kd6 37. Kd3 Ke5 38. Ke3 Ke6 1/2-1/2

[Event "Open SSM A Agosto"]
[Site "Milano ITA"]
[Date "2010.08.16"]
[Round "3"]
[White "Bemporad, Filippo"]
[Black "Colombo, Luca"]
[Result "1-0"]
[WhiteElo "2061"]
[BlackElo "1907"]
[PlyCount "115"]
[EventDate "2010.07.30"]

1. d4 Nf6 2. Nf3 g6 3. c4 Bg7 4. Nc3 d6 5. e4 O-O 6. Be2 e5 7. O-O exd4 8. Nxd4
Nc6 9. Be3 Ne5 10. Qd2 Neg4 11. Bf4 Re8 12. f3 Ne5 13. Bh6 Bh8 14. Bg5 Nc6 15.
Rad1 Nxe4 16. Nxe4 Bxd4+ 17. Qxd4 Qxg5 18. Nf6+ Kh8 19. Qc3 Qe3+ 20. Qxe3 Rxe3
21. Kf2 Re6 22. Nd5 Rb8 23. Nxc7 Re7 24. Nb5 Be6 25. Rxd6 a6 26. Nc3 Rbe8 27.
Rfd1 Kg7 28. b3 Bf5 29. f4 Re3 30. Bd3 Bg4 31. Rd2 Bf5 32. Bxf5 Rxc3 33. Bg4
Re7 34. Bf3 Nb4 35. f5 gxf5 36. Rd7 Rxd7 37. Rxd7 Nd3+ 38. Ke2 Ne5 39. Rxb7
Nxf3 40. gxf3 Rc2+ 41. Kd3 Rxa2 42. Rb6 Rxh2 43. Rxa6 h5 44. c5 Rh1 45. Ra2 Kf6
46. Re2 Rc1 47. b4 h4 48. Kd4 h3 49. b5 Rd1+ 50. Kc4 Rd8 51. c6 Rh8 52. Rh2 Ke6
53. Kc5 f4 54. c7 Kd7 55. b6 Kc8 56. Ra2 Rh5+ 57. Kd4 Kb7 58. Ra8 1-0

[Event "Open SSM A Agosto"]
[Site "Milano ITA"]
[Date "2010.08.01"]
[Round "3"]
[White "Bisignano, Giuseppe"]
[Black "Casartelli, Fabio"]
[Result "1-0"]
[WhiteElo "1940"]
[BlackElo "1886"]
[PlyCount "91"]
[EventDate "2010.07.30"]

1. e4 e5 2. Nf3 Nf6 3. Nxe5 d6 4. Nf3 Nxe4 5. d4 d5 6. h3 Be7 7. Bd3 Bf5 8. O-O
Nc6 9. Re1 O-O 10. a3 Re8 11. Bf4 Bd6 12. Be5 Bxe5 13. dxe5 Nxe5 14. Nxe5 Rxe5
15. f3 Qh4 16. fxe4 Bxh3 17. Re2 dxe4 18. Qe1 Qg4 19. Bc4 b5 20. Bb3 e3 21. Nc3
Rg5 22. Bd5 Rd8 23. Rd1 Rd6 24. Rxe3 h5 25. Bf3 Rxd1 26. Qxd1 Qf4 27. Qd8+ Kh7
28. Qd3+ f5 29. Nd5 Qg3 30. Qe2 Qd6 31. Kh1 Qg3 32. Be4 Qd6 33. Rxh3 fxe4 34.
Rxh5+ Kg6 35. Rxg5+ Kxg5 36. Qxe4 c6 37. Qe7+ Qxe7 38. Nxe7 c5 39. Kh2 Kf4 40.
Nd5+ Ke5 41. Nc7 b4 42. axb4 c4 43. Kg3 Kd4 44. Nb5+ Ke3 45. Nxa7 Kd2 46. b5
1-0

[Event "Open SSM A Agosto"]
[Site "Milano ITA"]
[Date "2010.08.01"]
[Round "3"]
[White "Borin, Fabio"]
[Black "Quagliarella, Sabino Remo"]
[Result "1-0"]
[WhiteElo "2132"]
[BlackElo "1946"]
[PlyCount "41"]
[EventDate "2010.07.30"]

1. e4 e6 2. d4 d5 3. Nc3 Bb4 4. e5 c5 5. dxc5 Nc6 6. Nf3 f6 7. Bb5 Bd7 8. O-O
a6 9. Bxc6 bxc6 10. Qd4 Rb8 11. Re1 Qa5 12. Qg4 Kf8 13. exf6 Nxf6 14. Qf4 Rd8
15. Qd6+ Kg8 16. Be3 Ne4 17. Nxe4 Bxe1 18. Neg5 Bb4 19. c3 Bxc3 20. bxc3 Qxc3
21. Bd4 1-0

[Event "Open SSM A Agosto"]
[Site "Milano ITA"]
[Date "2010.08.01"]
[Round "3"]
[White "Bozzali, Ermanno"]
[Black "Giannotti, Salvatore"]
[Result "1/2-1/2"]
[WhiteElo "2145"]
[BlackElo "1865"]
[PlyCount "74"]
[EventDate "2010.07.30"]

1. d4 d5 2. Nf3 Nf6 3. c4 c6 4. e3 e6 5. Nc3 Nbd7 6. Qc2 b6 7. Bd2 Bb7 8. Bd3
dxc4 9. Bxc4 b5 10. Bd3 Bd6 11. e4 e5 12. dxe5 Nxe5 13. Nxe5 Bxe5 14. f4 Bd4
15. O-O-O Qb6 16. Rhe1 a6 17. e5 Ng4 18. Ne4 O-O-O 19. Nd6+ Kb8 20. Nxf7 Nf2
21. Bxh7 Rxh7 22. Qxh7 Rd5 23. Bc3 Be3+ 24. Kc2 Rxd1 25. Rxd1 c5 26. Nd6 b4 27.
Be1 b3+ 28. axb3 Nxd1 29. Kxd1 Qxb3+ 30. Qc2 Qd5+ 31. Bd2 Bxf4 32. Nxb7 Kxb7
33. e6 Qxe6 34. Bxf4 Qg4+ 35. Ke1 Qxf4 36. Qxc5 Qxh2 37. Qe7+ Qc7 1/2-1/2

[Event "Open SSM A Agosto"]
[Site "Milano ITA"]
[Date "2010.08.01"]
[Round "3"]
[White "Cani, Gazmir"]
[Black "Gonella, Daniele"]
[Result "1-0"]
[WhiteElo "2060"]
[BlackElo "1982"]
[PlyCount "104"]
[EventDate "2010.07.30"]

1. d4 Nf6 2. c4 e6 3. Nf3 c5 4. d5 exd5 5. cxd5 d6 6. Nc3 g6 7. e4 Bg7 8. h3
O-O 9. Bd3 Re8 10. O-O Na6 11. Re1 Nc7 12. a4 b6 13. Bf4 a6 14. Nd2 Rb8 15. Nc4
Bf8 16. Qf3 Nh5 17. Bh2 f6 18. g4 Ng7 19. Qg3 Re5 20. Nxe5 dxe5 21. f4 Bd6 22.
f5 g5 23. h4 h6 24. hxg5 hxg5 25. Kg2 Bd7 26. Rh1 Nce8 27. Bxa6 Ra8 28. Bc4 Qc7
29. Bg1 Kf7 30. Rh8 Qa7 31. Ra3 Nc7 32. Rxa8 Qxa8 33. Nb5 Nce8 34. Bf2 Bxb5 35.
axb5 Qb7 36. Ra4 Ke7 37. Qh3 Kd8 38. Ra6 Nc7 39. Qh8+ Nge8 40. Ra3 Kc8 41. Qg8
Kb8 42. Qf7 Qc8 43. Rh3 Qd8 44. Rh7 Kc8 45. b4 Kb7 46. bxc5 bxc5 47. Rh1 Kb6
48. Ra1 Qe7 49. Qh5 Kb7 50. Qh1 Na8 51. Qc1 Qc7 52. Qa3 Qb6 1-0

[Event "Open SSM A Agosto"]
[Site "Milano ITA"]
[Date "2010.08.01"]
[Round "3"]
[White "Corti, Massimo"]
[Black "Agrifoglio, Fabio"]
[Result "1-0"]
[WhiteElo "2020"]
[BlackElo "2014"]
[PlyCount "77"]
[EventDate "2010.07.30"]

1. d4 d6 2. c4 e5 3. Nf3 e4 4. Ng5 f5 5. g3 h6 6. Nh3 Nf6 7. Nf4 g5 8. Ng6 Rg8
9. Nxf8 Kxf8 10. Bg2 Nc6 11. Nc3 d5 12. cxd5 Nxd5 13. O-O Be6 14. f3 exf3 15.
Bxf3 Kg7 16. e4 fxe4 17. Nxe4 Bh3 18. Nc5 b6 19. Re1 bxc5 20. dxc5 Nde7 21. Bd2
Bf5 22. Bc3+ Kh7 23. Qa4 Rg6 24. g4 Bd7 25. Qe4 Qf8 26. b4 Re8 27. Qd3 Rd8 28.
Qe2 Re6 29. Qc2+ Ng6 30. Rxe6 Bxe6 31. Bxc6 Bxg4 32. Be4 Bh5 33. Rf1 Qg8 34.
Rf6 Rf8 35. Rc6 Qf7 36. Rf6 Qg8 37. Bd5 Qxd5 38. Rxf8 Bf3 39. Rh8# 1-0

[Event "Open SSM A Agosto"]
[Site "Milano ITA"]
[Date "2010.08.01"]
[Round "3"]
[White "Margstahler, Francesco"]
[Black "Di Chiara, Mauro"]
[Result "1/2-1/2"]
[WhiteElo "1804"]
[BlackElo "1965"]
[PlyCount "72"]
[EventDate "2010.07.30"]

1. e4 d6 2. d4 Nf6 3. Nc3 g6 4. Nf3 Bg7 5. Be2 O-O 6. O-O c6 7. Re1 b5 8. e5
Ne8 9. Bf4 Nc7 10. exd6 exd6 11. Ne4 d5 12. Nc5 Nd7 13. Nxd7 Bxd7 14. Qd2 Ne6
15. Bh6 Re8 16. Bxg7 Nxg7 17. h3 Nf5 18. Bd3 Nd6 19. Rxe8+ Qxe8 20. Qe1 f6 21.
Qxe8+ Rxe8 22. Re1 Rxe1+ 23. Nxe1 Bf5 24. Be2 Kf7 25. f3 g5 26. Kf2 Bg6 27. a3
Nc4 28. Bxc4 dxc4 29. c3 Ke6 30. g4 f5 31. gxf5+ Bxf5 32. Kg3 c5 33. dxc5 Kd5
34. Ng2 Kxc5 35. Ne3 Be6 36. h4 h6 1/2-1/2

[Event "Open SSM A Agosto"]
[Site "Milano ITA"]
[Date "2010.08.01"]
[Round "3"]
[White "Pace, Pietro Dario"]
[Black "Cazzaniga, Walter"]
[Result "1-0"]
[WhiteElo "2305"]
[BlackElo "2097"]
[PlyCount "75"]
[EventDate "2010.07.30"]

1. e4 e6 2. d4 d5 3. Nc3 Bb4 4. e5 c5 5. a3 Bxc3+ 6. bxc3 Ne7 7. h4 Nbc6 8. a4
Qa5 9. Bd2 Bd7 10. h5 h6 11. Rh4 O-O-O 12. Rf4 Rdf8 13. Qf3 Qd8 14. dxc5 Nxe5
15. Qe3 N5c6 16. a5 e5 17. Rfa4 a6 18. Rb1 Qc7 19. Ra2 Kd8 20. Rab2 Bc8 21. Rb6
f5 22. f4 d4 23. cxd4 Nd5 24. Qd3 e4 25. Qc4 Nxb6 26. axb6 Qf7 27. d5 Ne7 28.
Bb4 Ke8 29. Rd1 Qf6 30. g3 Rh7 31. Bc3 Qf7 32. Qa4+ Bd7 33. c6 Nxc6 34. dxc6
Bxc6 35. Qd4 Qe6 36. Bc4 Qe7 37. Bb3 Rf6 38. Bb4 1-0

[Event "Open SSM A Agosto"]
[Site "Milano ITA"]
[Date "2010.08.01"]
[Round "3"]
[White "Pelizzola, Danilo"]
[Black "Crippa, Gabriele"]
[Result "1/2-1/2"]
[WhiteElo "2092"]
[BlackElo "2090"]
[PlyCount "83"]
[EventDate "2010.07.30"]

1. e4 Nf6 2. Nc3 e5 3. Nf3 d6 4. d4 Nbd7 5. dxe5 dxe5 6. Bc4 Be7 7. O-O O-O 8.
Bg5 h6 9. Bh4 Nh5 10. Bxe7 Qxe7 11. Nd5 Qd8 12. g3 Nhf6 13. Nc3 Qe7 14. Qe2 Nb6
15. Nh4 Nxc4 16. Qxc4 c6 17. a4 Be6 18. Qe2 Qb4 19. Rfb1 Rfd8 20. Ng2 Rd7 21.
Ne1 Bc4 22. Qe3 a5 23. b3 Ba6 24. f3 Rad8 25. Rd1 Rd4 26. Na2 Qe7 27. Rxd4 Rxd4
28. Nc3 Qd6 29. Rc1 Nh7 30. Nb1 Ng5 31. c3 Rd1 32. Kg2 Qd7 33. Rxd1 Qxd1 34.
Nd2 Be2 35. Kf2 Nh3+ 36. Kg2 Qxe1 37. Kxh3 Kh7 38. Kg2 f6 39. f4 g5 40. fxe5
fxe5 41. Qf2 Qxd2 42. Qf7+ 1/2-1/2

[Event "Open SSM A Agosto"]
[Site "Milano ITA"]
[Date "2010.08.01"]
[Round "3"]
[White "Pierandrei, Cristiano"]
[Black "Papale, Carmelo"]
[Result "1-0"]
[WhiteElo "1919"]
[BlackElo "1873"]
[PlyCount "91"]
[EventDate "2010.07.30"]

1. Nf3 f5 2. c4 Nc6 3. d4 e6 4. g3 Nf6 5. Bg2 Bb4+ 6. Bd2 O-O 7. O-O Bxd2 8.
Nbxd2 d6 9. Qc2 Qe8 10. e4 Qh5 11. d5 Ne7 12. e5 dxe5 13. Nxe5 f4 14. Rae1 exd5
15. Qb3 c6 16. Qa3 Nf5 17. cxd5 Nxd5 18. g4 Qg5 19. Ndf3 Qf6 20. gxf5 Bxf5 21.
Nd4 Rae8 22. Nxf5 Rxe5 23. Rxe5 Qxe5 24. Nh4 g5 25. Nf3 Qf6 26. Re1 g4 27. Ne5
Re8 28. Nd3 Rxe1+ 29. Nxe1 f3 30. Bf1 Nf4 31. Bc4+ Kg7 32. Qc3 Qxc3 33. bxc3 b5
34. Bf1 Kf6 35. c4 b4 36. Nd3 Ne2+ 37. Bxe2 fxe2 38. f3 gxf3 39. Kf2 a5 40.
Kxf3 e1=Q 41. Nxe1 Ke5 42. Ke3 Kd6 43. Kd4 a4 44. c5+ Ke6 45. Kc4 b3 46. axb3
1-0

[Event "Open SSM A Agosto"]
[Site "Milano ITA"]
[Date "2010.08.01"]
[Round "3"]
[White "Quaranta, Cristiano"]
[Black "Lapiccirella, Daniele"]
[Result "1/2-1/2"]
[WhiteElo "2126"]
[BlackElo "2212"]
[PlyCount "43"]
[EventDate "2010.07.30"]

1. d4 d5 2. c4 c6 3. Nf3 Nf6 4. e3 e6 5. b3 Nbd7 6. Bb2 Bd6 7. Bd3 O-O 8. O-O
b6 9. Nbd2 Bb7 10. Ne5 c5 11. cxd5 Nxd5 12. Ne4 Nxe5 13. dxe5 Be7 14. Qh5 h6
15. Rad1 Qc7 16. Nf6+ Nxf6 17. exf6 Bxf6 18. Bxf6 gxf6 19. Qxh6 f5 20. Qg5+ Kh7
21. Qh5+ Kg7 22. Qg5+ 1/2-1/2

[Event "Open SSM A Agosto"]
[Site "Milano ITA"]
[Date "2010.08.01"]
[Round "3"]
[White "Rossi, Giampiero"]
[Black "Regorda, Vittorio"]
[Result "1/2-1/2"]
[WhiteElo "1916"]
[BlackElo "1859"]
[PlyCount "57"]
[EventDate "2010.07.30"]

1. d4 d5 2. c4 c6 3. cxd5 cxd5 4. Nc3 Nf6 5. Nf3 Nc6 6. Bf4 a6 7. e3 Bg4 8. Rc1
e6 9. Qb3 Ra7 10. Ne5 Nxe5 11. Bxe5 b5 12. Bd3 Be7 13. O-O O-O 14. a4 b4 15.
Na2 a5 16. Rc6 Ne8 17. Rfc1 Bd6 18. Qc2 Bxe5 19. Bxh7+ Kh8 20. dxe5 g6 21. Bxg6
fxg6 22. Qxg6 Bf5 23. Qh6+ Kg8 24. Rc8 Qe7 25. R1c5 Qg7 26. Qxg7+ Nxg7 27. Nc1
Rxc8 28. Rxc8+ Kf7 29. Nb3 1/2-1/2

[Event "Open SSM A Agosto"]
[Site "Milano ITA"]
[Date "2010.08.01"]
[Round "3"]
[White "Vallone, Ugo"]
[Black "Tagliaferri, Valerio"]
[Result "1/2-1/2"]
[WhiteElo "1931"]
[BlackElo "1882"]
[PlyCount "140"]
[EventDate "2010.07.30"]

1. Nf3 d5 2. b4 f6 3. d4 Bg4 4. a3 e6 5. Nbd2 a5 6. b5 c6 7. bxc6 bxc6 8. h3
Bh5 9. g4 Bg6 10. Rg1 Bd6 11. c4 Ne7 12. c5 Bc7 13. Qa4 Nd7 14. e3 Qc8 15. Nh4
Bf7 16. f4 Rb8 17. Be2 Qb7 18. Rb1 Qa8 19. Rxb8+ Qxb8 20. Kd1 O-O 21. Bd3 Qb7
22. Qc2 h6 23. Bh7+ Kh8 24. Ng6+ Nxg6 25. Bxg6 Bd8 26. h4 Kg8 27. g5 hxg5 28.
hxg5 f5 29. Bxf7+ Kxf7 30. Rh1 Rg8 31. Nf3 Bc7 32. Rh2 Qb5 33. a4 Qf1+ 34. Ne1
Rb8 35. Qd3 Qxd3+ 36. Nxd3 Rb3 37. Kc2 Rb7 38. Bd2 Nb8 39. Rh8 Ra7 40. Be1 Nd7
41. Rc8 g6 42. Nc1 Ke7 43. Nb3 Nf8 44. Kb2 Nd7 45. Ka3 Nf8 46. Bc3 Nd7 47. Nd2
Nf8 48. Nf3 Nd7 49. Nh4 Kf7 50. Ng2 Nf8 51. Ne1 Nd7 52. Nf3 Kg7 53. Nd2 Kf7 54.
Nf1 Ke7 55. Bd2 Kf7 56. Be1 Nf8 57. Ka2 Ke7 58. Nd2 Kf7 59. Nf3 Nd7 60. Bg3 Ke7
61. Be1 Kf7 62. Ne5+ Nxe5 63. dxe5 Kg7 64. Ka3 Kf7 65. Bc3 Kg7 66. Re8 Kf7 67.
Rh8 Kg7 68. Re8 Kf7 69. Rc8 Kg7 70. Bd4 Kf7 1/2-1/2

[Event "Open SSM A Agosto"]
[Site "Milano ITA"]
[Date "2010.08.01"]
[Round "4"]
[White "Agrifoglio, Fabio"]
[Black "Pierandrei, Cristiano"]
[Result "1-0"]
[WhiteElo "2014"]
[BlackElo "1919"]
[PlyCount "59"]
[EventDate "2010.07.30"]

1. d4 d5 2. c4 c6 3. Nc3 Nf6 4. Nf3 dxc4 5. a4 e6 6. e3 c5 7. Bxc4 Nc6 8. d5
exd5 9. Nxd5 Nxd5 10. Bxd5 Be7 11. O-O O-O 12. Bxc6 bxc6 13. Qc2 Qc7 14. Bd2
Bg4 15. Bc3 Bd6 16. h3 Bxf3 17. gxf3 Rfe8 18. Qf5 Re6 19. a5 Rae8 20. Ra4 Be5
21. f4 Bxc3 22. bxc3 Qd6 23. Kh2 Qd2 24. Raa1 Qe2 25. Rae1 Qf3 26. Qg4 Qd5 27.
Rd1 Qc4 28. f5 Re4 29. Qg2 Qxc3 30. Qxe4 1-0

[Event "Open SSM A Agosto"]
[Site "Milano ITA"]
[Date "2010.08.01"]
[Round "4"]
[White "Cani, Gazmir"]
[Black "Borin, Fabio"]
[Result "0-1"]
[WhiteElo "2060"]
[BlackElo "2132"]
[PlyCount "64"]
[EventDate "2010.07.30"]

1. d4 d6 2. c4 e5 3. Nf3 e4 4. Ng5 Nf6 5. Nc3 Bf5 6. Qb3 Nc6 7. Be3 a5 8. O-O-O
h6 9. Nh3 a4 10. Qxb7 Na5 11. Qb4 d5 12. c5 Nc4 13. Qb5+ c6 14. Qxc6+ Bd7 15.
Qb7 Rb8 16. Qa6 Nxb2 17. Bf4 Nxd1 18. Kxd1 Qc8 19. e3 Qxa6 20. Bxa6 Rb2 21. Kc1
a3 22. Be5 Be6 23. Nf4 Nd7 24. Bc7 Nf6 25. f3 g5 26. Be5 gxf4 27. Bxf6 Rg8 28.
fxe4 Rgxg2 29. exd5 Rgc2+ 30. Kd1 Rxc3 31. dxe6 fxe3 32. e7 Rd2+ 0-1

[Event "Open SSM A Agosto"]
[Site "Milano ITA"]
[Date "2010.08.01"]
[Round "4"]
[White "Casartelli, Fabio"]
[Black "Rossi, Giampiero"]
[Result "0-1"]
[WhiteElo "1886"]
[BlackElo "1916"]
[PlyCount "59"]
[EventDate "2010.07.30"]

1. d4 d5 2. c4 e6 3. Nc3 c6 4. Bf4 Nf6 5. Nf3 Nbd7 6. e3 Be7 7. Bd3 O-O 8. Qc2
b6 9. O-O Bb7 10. Rac1 dxc4 11. Bxc4 Nh5 12. Be5 Nxe5 13. dxe5 g6 14. Rfd1 Qc7
15. Ne4 Rad8 16. g4 Ng7 17. Nf6+ Bxf6 18. exf6 Rxd1+ 19. Rxd1 Ne8 20. g5 Nd6
21. Bd3 c5 22. e4 Rd8 23. Nd2 Ne8 24. Nf3 Qf4 25. Qe2 h6 26. Bb5 Rxd1+ 27. Qxd1
Nd6 28. e5 Bxf3 29. Qxd6 Qxg5+ 30. Kf1 0-1

[Event "Open SSM A Agosto"]
[Site "Milano ITA"]
[Date "2010.08.01"]
[Round "4"]
[White "Cazzaniga, Walter"]
[Black "Bemporad, Filippo"]
[Result "1-0"]
[WhiteElo "2097"]
[BlackElo "2061"]
[PlyCount "33"]
[EventDate "2010.07.30"]

1. d4 d5 2. c4 c6 3. Nf3 Nf6 4. Nc3 e6 5. Bg5 Nbd7 6. cxd5 cxd5 7. e3 Qa5 8.
Bd3 Ne4 9. O-O Nxc3 10. bxc3 Bd6 11. c4 dxc4 12. Bxc4 O-O 13. e4 e5 14. Bd2 Qd8
15. Bc3 Qe7 16. Bb3 exd4 17. Qxd4 1-0